000 00375cam a22001097a 4500
008 180718b1963 xxu||||| |||| 00| 0 eng d
082 _aT392x73 Un3
245 _aBalance of payments: statistical supplement
_cby Department of Commerce, U.S.A.
260 _aWashington, DC.
_bGovernment Printing Office
_c1963
300 _a260+p.
700 _aUnited States. Department of Commerce
999 _c498016
_d498016